[Event "MCR mladeze, Kouty 2018 - D16"]
[Site "Kouty nad Desnou"]
[Date "2018.03.10"]
[Round "1"]
[White "Richterova, Julie"]
[Black "Kalousova, Julie"]
[Result "1-0"]
[WhiteElo "1877"]
[BlackElo "1436"]
[EventDate "2018.03.10"]

1. d4  Nf6  2. c4  e6
3. Nf3  d5  4. g3
c6  5. Qc2  Nbd7
6. Bg2  Bd6  7. O-O
O-O  8. b3  b6
9. Bb2  Bb7  10. Nc3  Re8
11. e4  dxe4  12. Nxe4
Nxe4  13. Qxe4  Nf6
14. Qe2  c5  15. Rfd1
Qe7  16. dxc5  Bxc5
17. a3  a5  18. Qe1
Ne4  19. Nd4  Nxf2
20. Qxf2  e5  21. Re1
Qc7  22. Qe2  Re7
23. b4  exd4  24. Qd2
axb4  25. axb4  Rxa1
26. Bxa1  Bxg2  27. Kxg2
Bd6  28. Qxd4  Qc6+
29. Kf2  f6  30. Rxe7
Bxe7  31. Bc3  Qe6
32. Bd2  Kf7  33. Qd3
g6  34. Qc3  Qf5+
35. Kg1  Qb1+  36. Kf2
Qf5+  37. Qf3  Qe6
38. Qd3  f5  39. Bc3
Bf6  40. Bxf6  Kxf6
41. Qd4+  Kf7  42. c5
bxc5  43. Qxc5  Qa2+
44. Kg1  Qb1+  45. Kg2
Qe4+  46. Kf2  Qd3
47. Qa7+  Kg8  48. Qa2+
Kg7  49. Qb2+  Kh6
50. b5  Qc4  51. b6
Qc5+  52. Kg2  Qc6+
53. Kh3  Qb7  54. Qc1+
g5  55. Qc7  Qa6
56. Qd6+  Kh5  57. g4+
fxg4+  58. Kg3  Qb5
59. Qd4  Qb3+  60. Kf2
Qc2+  61. Ke3  Qb3+
62. Ke4  Qe6+  63. Kd3
Qb3+  64. Kd2  Qa2+
65. Kc3  Qa3+  66. Kc4
Qc1+  67. Kb5  Qh1
68. Qd7  Qb1+  69. Ka6
Qa2+  70. Kb7  Qg2+
71. Kb8  Qxh2+  72. Qc7 Qxc7+
73. bxc7  g3  74. c8=Q
Kh4  75. Qc6  h5
76. Kc7  Kh3  77. Qh1+
Kg4  78. Kd6  h4
79. Ke5  1-0

[Event "MCR mladeze, Kouty 2018 - D16"]
[Site "Kouty nad Desnou"]
[Date "2018.03.10"]
[Round "1"]
[White "Holaskova, Veronika"]
[Black "Gresova, Zuzana"]
[Result "0-1"]
[WhiteElo "1381"]
[BlackElo "1872"]
[EventDate "2018.03.10"]

1. e4  c5  2. Nf3  d6
3. d4  cxd4  4. Nxd4
Nf6  5. Nc3  a6
6. Bc4  e6  7. Bg5  Be7
8. Bd3  O-O  9. f4
Nbd7  10. Nf3  h6
11. Bh4  Qb6  12. e5
Ng4  13. Qd2  Bxh4+
14. Nxh4  dxe5  15. O-O-O
exf4  16. Qxf4  Qe3+
17. Qxe3  Nxe3  18. Rd2
Nc5  19. Re1  Ng4
20. h3  Nf6  21. Nf3
b5  22. Ne4  Nxd3+
23. Rxd3  Nd5  24. Ne5
f6  25. Ng6  Rd8
26. Nc5  Kf7  27. Nf4
Rd6  28. Red1  Rc6
29. Ncxe6  Bxe6  30. Nxe6
Kxe6  31. Rxd5  Rac8
32. R5d2  f5  33. Re2+
Kf6  34. a3  h5
35. Rf1  Rc4  36. b3  Rc3
37. Kb2  Rg3  38. Rd1
Rc6  39. Red2  Re6
40. Rf1  g5  41. Rff2
Rge3  42. Rd5  R3e5
43. Rd3  Kg6  44. Kc3
Re4  45. Rd5  f4
46. Rdd2  g4  47. Kd3
Re3+  48. Kd4  Kf5
49. Kc5  gxh3  50. gxh3
Rxh3  51. Rd8  Rf6
52. Rd5+  Kg4  53. Kd4
Kg3  54. Rd2  f3
55. Rg5+  Kf4  56. Rg1
Rd6+  0-1

[Event "MCR mladeze, Kouty 2018 - D16"]
[Site "Kouty nad Desnou"]
[Date "2018.03.10"]
[Round "1"]
[White "Laurincova, Kristyna"]
[Black "Kralova, Gabriela"]
[Result "1-0"]
[WhiteElo "1825"]
[BlackElo "1362"]
[EventDate "2018.03.10"]

1. e4  e5  2. Bc4  Nc6
3. Nf3  Nf6  4. d3
Bc5  5. O-O  O-O
6. Bb3  d6  7. c3
Bg4  8. Nbd2  Ne7
9. Re1  Ng6  10. h3
Be6  11. Bc2  Qd7
12. Nf1  Nf4  13. d4
Bb6  14. N1h2  Bc4
15. dxe5  dxe5  16. Nxe5
Qxd1  17. Bxd1  Nd3
18. Nxd3  Bxd3  19. Bf3
Rfe8  20. e5  Ba6
21. Bf4  Nd7  22. b4
c5  23. a4  Bc4
24. Bxb7  Rab8  25. e6  1-0

[Event "MCR mladeze, Kouty 2018 - D16"]
[Site "Kouty nad Desnou"]
[Date "2018.03.10"]
[Round "1"]
[White "Janosova, Katerina Anna"]
[Black "Otrubova, Kristyna"]
[Result "1-0"]
[WhiteElo "1295"]
[BlackElo "1781"]
[EventDate "2018.03.10"]

1. e4  c5  2. Nf3  Nc6
3. Nc3  e6  4. d4
cxd4  5. Nxd4  a6
6. Be3  Qc7  7. Qf3
Nf6  8. g3  Bb4
9. Nxc6  Qxc6  10. Bd2  b5
11. Bg2  Bb7  12. Qe3
h6  13. O-O  O-O
14. Qe2  Rac8  15. f4
Bc5+  16. Kh1  b4
17. Nd1  Nxe4  18. Be3
Bxe3  19. Nxe3  f5
20. g4  d5  21. Rad1
Qc5  22. Qd3  Qc6
23. gxf5  exf5  24. Bxe4
dxe4  25. Qb3+  Kh7
26. Qxb4  Rcd8  27. Qe7
Rde8  28. Qb4  Rf6
29. Rd5  Qc7  30. Rc5
Qe7  31. Qc3  Rd8
32. Rg1  Qd7  33. Rc7
Qd6  34. Rgxg7+  Kh8
35. Rh7+  Kg8  36. Rxb7
Qc6  37. Rbg7+  Kf8
38. Qb4+  Qd6  39. Qb7
1-0

[Event "MCR mladeze, Kouty 2018 - D16"]
[Site "Kouty nad Desnou"]
[Date "2018.03.10"]
[Round "1"]
[White "Vilimova, Julie"]
[Black "Otahalova, Nela"]
[Result "1/2-1/2"]
[WhiteElo "1751"]
[BlackElo "1214"]
[EventDate "2018.03.10"]

1. d4  d5  2. Bf4  Nf6
3. e3  c5  4. c3
e6  5. Nf3  Nc6
6. Bd3  Qb6  7. Qc2  Bd7
8. Ne5  c4  9. Be2
Nxe5  10. Bxe5  Be7
11. Nd2  Rc8  12. O-O
O-O  13. Bxf6  Bxf6
14. f4  g6  15. e4
Qc6  16. Bf3  b5
17. Rae1  Rfe8  18. g3
Bg7  19. e5  Qb6
20. Bg2  b4  21. g4
bxc3  22. bxc3  Rb8
23. Rb1  Qc7  24. Rxb8
Rxb8  25. Rb1  Rxb1+
26. Qxb1  Qb6  27. Kf2
Qxb1  28. Nxb1  f6
29. Nd2  fxe5  30. fxe5
Bf8  31. Nf1  Ba4
32. Ne3  Ba3  33. Ke2
Bb2  34. Kd2  Kg7
35. Bf3  Kh6  36. h4
g5  37. h5  Kg7
38. Bg2  h6  39. Bf3  Kf7
40. Bg2  Ke8  41. Nc2
Bxc2  42. Kxc2  Ba3
43. Bf3  1/2-1/2

[Event "MCR mladeze, Kouty 2018 - D16"]
[Site "Kouty nad Desnou"]
[Date "2018.03.10"]
[Round "1"]
[White "Houdkova, Barbora"]
[Black "Rosenbaumova, Lea"]
[Result "0-1"]
[WhiteElo "1173"]
[BlackElo "1692"]
[EventDate "2018.03.10"]

1. e4  e6  2. Nc3  d5
3. d4  Nf6  4. e5
Nfd7  5. Nf3  c5
6. Bb5  Nc6  7. Bxc6
bxc6  8. O-O  Qc7
9. Bf4  Rb8  10. b3
Ba6  11. Re1  Be7
12. g3  h6  13. h4
Qb7  14. a3  cxd4
15. Qxd4  c5  16. Qd1
Nb6  17. Nd2  d4
18. Nce4  Rd8  19. c3
g5  20. hxg5  hxg5
21. Bxg5  Bxg5  22. Nf3
Be7  23. cxd4  cxd4
24. Nxd4  Nd7  25. Qg4
Qd5  26. Rad1  Nxe5
27. Qg7  Rf8  28. Nf6+
Bxf6  29. Qxf6  Bb7
30. f3  Nd7  31. Nf5
Nxf6  32. Rxd5  Rxd5
33. Ne3  Rd3  34. f4
Nd5  35. Nxd5  Bxd5 0-1

[Event "MCR mladeze, Kouty 2018 - D16"]
[Site "Kouty nad Desnou"]
[Date "2018.03.10"]
[Round "1"]
[White "Urbanova, Daniela"]
[Black "Vanharova, Lucie"]
[Result "1-0"]
[WhiteElo "1668"]
[BlackElo "1169"]
[EventDate "2018.03.10"]

1. e4  e5  2. Nf3  Nc6
3. Bb5  d6  4. c3
Bd7  5. d4  exd4
6. cxd4  a6  7. Ba4
b5  8. Bb3  Na5
9. O-O  c5  10. dxc5  dxc5
11. Bxf7+  Kxf7  12. Qd5+
Be6  13. Ng5+  Ke8
14. Qxe6+  Qe7  15. Qb6
Nc4  16. Qc6+  Qd7
17. Qxa8+  Ke7  18. Qd5
Qxd5  19. exd5  Nh6
20. Re1+  Kd6  21. Bf4+
Kd7  22. Ne6  Bd6
23. Bxd6  Kxd6  24. Nxg7
Kxd5  25. Nc3+  Kc6
26. Re6+  Kb7  27. Rxh6
Nxb2  28. Re1  1-0

[Event "MCR mladeze, Kouty 2018 - D16"]
[Site "Kouty nad Desnou"]
[Date "2018.03.10"]
[Round "1"]
[White "Jankovska, Hana"]
[Black "Markova, Kristyna"]
[Result "0-1"]
[WhiteElo "1069"]
[BlackElo "1633"]
[EventDate "2018.03.10"]

1. e4  e5  2. Nc3  Nf6
3. f4  d5  4. exd5
Nxd5  5. Nge2  Bg4
6. Nxd5  Qxd5  7. Nc3
Qe6  8. Be2  exf4
9. O-O  Bxe2  10. Nxe2
Be7  11. d4  O-O
12. Nxf4  Qd7  13. c3
c5  14. d5  Rd8
15. c4  Nc6  16. Be3  Ne5
17. b3  b5  18. Nd3
Nxd3  19. Qxd3  bxc4
20. bxc4  Rab8  21. Rab1
Qa4  22. Bf4  Rxb1
23. Rxb1  g6  24. Qe4
Bf6  25. Bh6  Re8
26. Qf4  Qxa2  27. Rf1
Bd4+  28. Kh1  f6
29. h3  Qxc4  30. Rb1
Qxd5  31. Qc7  Qf7
32. Qc6  Qe6  33. Qxe6+
Rxe6  34. Rb7  f5
35. Rxa7  Rc6  36. Rd7
Bf6  37. g4  fxg4
38. hxg4  c4  39. Bc1
c3  40. Rd1  c2
41. Rf1  Rd6  42. Rf2  Rd1+
43. Kg2  Rxc1  0-1

[Event "MCR mladeze, Kouty 2018 - D16"]
[Site "Kouty nad Desnou"]
[Date "2018.03.10"]
[Round "1"]
[White "Bartosova, Hana"]
[Black "Landsmannova, Marie Magdal"]
[Result "1-0"]
[WhiteElo "1627"]
[BlackElo "1142"]
[EventDate "2018.03.10"]

1. d4  Nf6  2. c4  g6
3. g3  Bg7  4. Bg2
c6  5. Nf3  d5
6. Nbd2  Bf5  7. O-O  O-O
8. b3  Na6  9. Nh4
Qd7  10. Nxf5  Qxf5
11. Ba3  Rfe8  12. Re1
Ng4  13. Nf3  Nf6
14. Rc1  Nd7  15. Nh4
Qe6  16. e4  dxc4
17. bxc4  Rad8  18. d5
Qe5  19. Nf3  Qb8
20. Rb1  Ndc5  21. Nd4
Bxd4  22. Qxd4  Ne6
23. Qe3  cxd5  24. exd5
Ng7  25. Qb3  b6
26. Bxe7  Nc5  27. Qd1
Rc8  28. d6  Nd7
29. Bd5  Nf5  30. Qf3
Nxd6  31. Bxd6  Rxe1+
32. Rxe1  Qxd6  33. Qxf7+
Kh8  34. Re7  1-0

[Event "MCR mladeze, Kouty 2018 - D16"]
[Site "Kouty nad Desnou"]
[Date "2018.03.10"]
[Round "1"]
[White "Bohunovska, Tereza"]
[Black "Postranecka, Zuzana"]
[Result "0-1"]
[WhiteElo "1087"]
[BlackElo "1463"]
[EventDate "2018.03.10"]

1. e4  c5  2. Nc3  g6
3. Bc4  Bg7  4. d3
d6  5. Be3  Nf6
6. Nf3  e6  7. Qd2  O-O
8. d4  d5  9. e5
cxd4  10. Nxd4  dxc4
11. Bg5  h6  12. exf6
Bxf6  13. Bxh6  Qxd4
14. Bxf8  Qxd2+  15. Kxd2
Bg5+  16. Ke2  Kxf8
17. Ne4  Be7  18. h4
e5  19. h5  gxh5
20. Rxh5  Bg4+  0-1

[Event "MCR mladeze, Kouty 2018 - D16"]
[Site "Kouty nad Desnou"]
[Date "2018.03.11"]
[Round "2"]
[White "Rosenbaumova, Lea"]
[Black "Nemcova, Karin"]
[Result "0-1"]
[WhiteElo "1692"]
[BlackElo "1997"]
[EventDate "2018.03.10"]

1. e4  c5  2. c3  d5
3. exd5  Qxd5  4. d4
Nc6  5. Nf3  Bf5
6. Be3  Nf6  7. Na3
cxd4  8. Nb5  O-O-O
9. Nbxd4  Ng4  10. Bd2
e6  11. h3  Nge5
12. Nxe5  Nxe5  13. Nxf5
exf5  14. Qc2  Qe4+
15. Qxe4  fxe4  16. Be2
Bc5  17. Bf4  Nd3+
18. Bxd3  Rxd3  19. O-O
Rhd8  20. a4  h6
21. b4  Bd6  22. Bxd6
R8xd6  23. Rac1  Rc6
24. Rfe1  f5  25. Re3
Rxe3  26. fxe3  Rc4
27. a5  a6  28. Kf2
Kd7  29. Ke2  Ke6
30. g3  g5  31. Kd2
Ke5  32. Ke2  h5
33. Kf2  f4  34. g4 hxg4
35. hxg4  Rc7  36. c4
Rc6  37. c5  Rh6
38. Rb1  Rh3  39. Rb3
Rh2+  40. Kf1  fxe3
0-1

[Event "MCR mladeze, Kouty 2018 - D16"]
[Site "Kouty nad Desnou"]
[Date "2018.03.11"]
[Round "2"]
[White "Koubova, Anna Marie"]
[Black "Urbanova, Daniela"]
[Result "1/2-1/2"]
[WhiteElo "1943"]
[BlackElo "1668"]
[EventDate "2018.03.10"]

1. d4  d5  2. c4  e6
3. Nf3  Nf6  4. g3
Be7  5. Bg2  O-O
6. O-O  c5  7. cxd5
Nxd5  8. Nc3  b6
9. dxc5  Bxc5  10. Nxd5
exd5  11. Bf4  Bb7
12. Be5  Nd7  13. Bc3
Nf6  14. Qd3  Ne4
15. Bd4  Rc8  16. Rfd1
Qd6  17. Nd2  Bxd4
18. Qxd4  Qe6  19. Rac1
h6  20. Nf1  Rxc1
21. Rxc1  Rc8  22. Rd1
Rc2  23. Ne3  Rc7
24. Bf3  Nf6  25. a3
Rd7  26. Ng4  Nxg4
27. Bxg4  f5  28. Bh3
Qxe2  29. Bxf5  Re7
30. Bg4  Qe4  31. Qxe4
dxe4  32. Rd8+  Kf7
33. Rd7  Rxd7  34. Bxd7
Kf6  35. Kf1  Ke5
36. Ke2  Kd4  37. h4
Bd5  38. g4  Kc4
39. Ba4  b5  40. Bc2
Kd4  41. Kd2  g5
42. hxg5  hxg5  43. b4
a6  44. Bd1  Bc4
45. Be2  Bxe2  46. Kxe2
Kd5  47. Kd2  Kd4
48. Ke2  Kd5  49. Kd2 1/2-1/2

[Event "MCR mladeze, Kouty 2018 - D16"]
[Site "Kouty nad Desnou"]
[Date "2018.03.11"]
[Round "2"]
[White "Markova, Kristyna"]
[Black "Richterova, Julie"]
[Result "1/2-1/2"]
[WhiteElo "1633"]
[BlackElo "1877"]
[EventDate "2018.03.10"]

1. e4  c6  2. d4  d5
3. exd5  cxd5  4. c4
Nf6  5. Nf3  Bg4
6. Qb3  Qc7  7. Ne5
Be6  8. Bf4  dxc4
9. Qa4+  Bd7  10. Nxd7
Qxd7  11. Qxd7+  Nbxd7
12. Bxc4  e6  13. O-O
Be7  14. Re1  O-O
15. Nd2  Nb6  16. Rac1
Rfd8  17. Nb3  Rac8
18. Bd3  Nfd5  19. Be3
Nb4  20. Bb1  Nc4
21. Nc5  Bxc5  22. Rxc4
Be7  23. Rxc8  Rxc8
24. Rc1  Rxc1+  25. Bxc1
Bf6  26. Be3  b6
27. b3  Nc6  28. Be4
Nb4  29. Bb1  Nd5
30. Bd3  Kf8  31. Kf1
Ke7  32. Ke1  Nb4
33. Bb1  Kd6  34. Kd2
g6  35. Kc3  Nd5+
36. Kc4  a6  37. a4
Bg7  38. Be4  b5+
39. axb5  axb5+  40. Kd3
f5  41. Bxd5  Kxd5
42. f3  Bf6  43. g3
g5  44. h3  h5
45. Bf2  g4  46. hxg4  hxg4
47. f4  Be7  48. Be1
Bd8  49. b4  Bb6
1/2-1/2

[Event "MCR mladeze, Kouty 2018 - D16"]
[Site "Kouty nad Desnou"]
[Date "2018.03.11"]
[Round "2"]
[White "Gresova, Zuzana"]
[Black "Bartosova, Hana"]
[Result "1/2-1/2"]
[WhiteElo "1872"]
[BlackElo "1627"]
[EventDate "2018.03.10"]

1. d4  Nf6  2. c4  c5
3. d5  b5  4. cxb5
a6  5. bxa6  g6
6. Nc3  Bxa6  7. e4  Bxf1
8. Kxf1  d6  9. Nf3
Bg7  10. g3  O-O
11. Kg2  Qb6  12. Qe2
Na6  13. Bg5  Rfb8
14. Rhb1  h6  15. Bd2
Nb4  16. Ne1  Qa6
17. Qxa6  Nxa6  18. a4
c4  19. Ra3  Nc5
20. f3  Nfd7  21. Nb5
Rxa4  22. Rxa4  Nxa4
23. Na3  Rxb2  24. Rxb2
Nxb2  25. Nec2  c3
26. Be3  Ne5  27. Bd4
Nec4  28. Bxg7  Kxg7
29. Nxc4  Nxc4  30. Kf2
f5  31. Ke2  fxe4
32. fxe4  Nd2  33. Kd3
Nf1  34. Kxc3  Nxh2
35. Ne3  Nf3  36. Kd3
h5  37. Ke2  Ng5
38. Kd3  Kf6  39. Ng2
Ke5  40. Nh4  Nxe4
41. Nxg6+  Kf6  42. Nf4
Nxg3  43. Ke3  h4
44. Kf3  Kf5  45. Ng2
Kg5  46. Nf4  Nf5
47. Nh3+  Kf6  48. Kf4
e5+  49. dxe6  d5
50. Ng5  d4  51. Nf3
Kxe6  52. Ke4  Ng3+
1/2-1/2

[Event "MCR mladeze, Kouty 2018 - D16"]
[Site "Kouty nad Desnou"]
[Date "2018.03.11"]
[Round "2"]
[White "Postranecka, Zuzana"]
[Black "Laurincova, Kristyna"]
[Result "0-1"]
[WhiteElo "1463"]
[BlackElo "1825"]
[EventDate "2018.03.10"]

1. e4  c5  2. Nc3  Nc6
3. f4  g6  4. Nf3
Bg7  5. Bb5  a6
6. Bxc6  bxc6  7. d3  d5
8. e5  Nh6  9. O-O
O-O  10. Qe1  Qc7
11. Ng5  f6  12. exf6
exf6  13. Ne6  Bxe6
14. Qxe6+  Kh8  15. Qh3
f5  16. Bd2  Qb6
17. Rab1  Ng4  18. Na4
Qa7  19. Be3  Nxe3
20. Qxe3  Bd4  0-1

[Event "MCR mladeze, Kouty 2018 - D16"]
[Site "Kouty nad Desnou"]
[Date "2018.03.11"]
[Round "2"]
[White "Otahalova, Nela"]
[Black "Janosova, Katerina Anna"]
[Result "1/2-1/2"]
[WhiteElo "1214"]
[BlackElo "1295"]
[EventDate "2018.03.10"]

1. e4  e5  2. d4  exd4
3. c3  dxc3  4. Bc4
Nc6  5. Nxc3  Bb4
6. Bd2  d6  7. a3
Bc5  8. Nf3  Nf6
9. O-O  Bg4  10. h3
Bh5  11. Bb5  h6
12. Re1  O-O  13. Bxc6
bxc6  14. Be3  Bxe3
15. Rxe3  d5  16. exd5
Bxf3  17. Qxf3  cxd5
18. Rd3  c6  19. Rc1
Qb6  20. Rc2  a5
21. Na4  Qb5  22. Nc5
Rfe8  23. Kh2  Qb8+
24. Qg3  Qb5  25. f4
Ne4  26. Nxe4  dxe4
27. Re3  Qd5  28. Qe1
c5  29. Qc3  Rec8
30. Rd2  Qc6  31. Rg3
g6  32. Re2  Qd5
33. Rd2  Qc6  34. Re2
a4  35. f5  Rab8
36. fxg6  fxg6  37. Qc4+
Kg7  38. Rxe4  Re8
39. Qc3+  Kh7  40. Rxe8
Rxe8  41. Qc4  Qc7
42. Qg4  Qd6  43. Qf3
Re7  44. Qf8  c4
45. Qf3  Qe5  46. Qc3
Qf4  47. Qf3  Qe5
48. Qc3  1/2-1/2

[Event "MCR mladeze, Kouty 2018 - D16"]
[Site "Kouty nad Desnou"]
[Date "2018.03.11"]
[Round "2"]
[White "Otrubova, Kristyna"]
[Black "Vilimova, Julie"]
[Result "0-1"]
[WhiteElo "1781"]
[BlackElo "1751"]
[EventDate "2018.03.10"]

1. b3  e5  2. Bb2  d6
3. e3  c6  4. d4
Qc7  5. c4  f5
6. dxe5  dxe5  7. Nf3  Nd7
8. a3  g6  9. h4
h6  10. Qc2  Ngf6
11. h5  e4  12. Nd4
g5  13. Ne6  Qd6
14. Nxf8  Rxf8  15. Nc3
Ne5  16. Rd1  Qe7
17. b4  Bd7  18. Na4
f4  19. Nc5  O-O-O
20. Bxe5  Qxe5  21. Nxd7
Nxd7  22. Rd4  fxe3
23. Qxe4  exf2+  24. Ke2
Qf6  25. Kd2  c5
26. Rd3  Qb2+  27. Kd1
Rde8  28. Qd5  Re1# 0-1

[Event "MCR mladeze, Kouty 2018 - D16"]
[Site "Kouty nad Desnou"]
[Date "2018.03.11"]
[Round "2"]
[White "Lorencova, Michaela"]
[Black "Houdkova, Barbora"]
[Result "1/2-1/2"]
[WhiteElo "1463"]
[BlackElo "1173"]
[EventDate "2018.03.10"]

1. e4  e5  2. Nf3  Nc6
3. Bc4  Bc5  4. c3
d6  5. d4  Bb6
6. dxe5  Bg4  7. exd6  cxd6
8. Qd3  Bxf3  9. Qxf3
Nf6  10. Bg5  Ne5
11. Qe2  O-O  12. Bd5
Rb8  13. Nd2  h6
14. Bh4  Re8  15. Nc4
Ng6  16. Bxf6  Qxf6
17. Nxb6  axb6  18. g3
Ne7  19. O-O-O  Nxd5
20. Rxd5  Re5  21. Rhd1
Rd8  22. f4  Rxd5
23. Rxd5  Ra8  24. Kb1
Ra5  25. Qd3  Rxd5
26. Qxd5  Qe7  27. e5
dxe5  28. Qxe5  Qd7
29. Qd4  Qb5  30. Kc2
Qe2+  31. Qd2  Qe4+
32. Qd3  Qa4+  33. Kb1
b5  34. Qd4  Qa5
35. Qd7  Qb6  36. Qd4
Qe6  37. Qd8+  Kh7
38. Qd3+  g6  39. b3
Qe1+  40. Kb2  Qf2+
41. Qc2  Qc5  42. g4
f5  43. gxf5  gxf5
44. Qd2  Qe7  45. Qd3
Qc5  46. Qd7+  Kg6
47. Qe8+  Kh7  48. Qf7+
Kh8  49. Qe8+  Kh7
50. Qe2  b4  51. c4
1/2-1/2

[Event "MCR mladeze, Kouty 2018 - D16"]
[Site "Kouty nad Desnou"]
[Date "2018.03.11"]
[Round "2"]
[White "Vanharova, Lucie"]
[Black "Beranova, Karin"]
[Result "0-1"]
[WhiteElo "1169"]
[BlackElo "1453"]
[EventDate "2018.03.10"]

1. e4  e5  2. Nf3  Nc6
3. Bc4  Bc5  4. O-O
Nf6  5. Nc3  O-O
6. d3  h6  7. a3
d6  8. Na4  Bg4
9. Nxc5  dxc5  10. h3  Bh5
11. Be3  Nd7  12. c3
Kh8  13. b4  cxb4
14. axb4  Nb6  15. Bb3
a6  16. Bc5  Re8
17. Re1  Qf6  18. d4
exd4  19. cxd4  Nd7
20. Qd3  b6  21. Bc2
Bxf3  22. e5  Qg6
23. Qxg6  fxg6  24. e6
Nxc5  25. bxc5  Bd5
26. cxb6  cxb6  27. Bxg6
Rxe6  28. Rxe6  Bxe6
29. Rd1  Rd8  30. Re1
Bc4  31. Re4  Bd3
32. Re8+  Rxe8  33. Bxe8
Nxd4  34. g3  b5
35. Bf7  Bc4  36. Bg6
a5  37. f4  a4
38. Kf2  a3  39. Bb1  a2
40. Bxa2  Bxa2  41. Ke3
Nf5+  42. Kd3  Nxg3
43. Kc3  Ne2+  0-1

[Event "MCR mladeze, Kouty 2018 - D16"]
[Site "Kouty nad Desnou"]
[Date "2018.03.11"]
[Round "2"]
[White "Kalousova, Julie"]
[Black "Jankovska, Hana"]
[Result "1/2-1/2"]
[WhiteElo "1436"]
[BlackElo "1069"]
[EventDate "2018.03.10"]

1. d4  e6  2. c4  Nf6
3. Nc3  d5  4. e3
Nc6  5. a3  a5
6. Nf3  Ne7  7. Ne5  Ne4
8. Qc2  f6  9. Nf3
Ng6  10. Nxe4  dxe4
11. Qxe4  f5  12. Qc2
c5  13. Bd3  Qf6
14. Bd2  Bd7  15. Bc3
cxd4  16. exd4  Be7
17. O-O  O-O  18. Rfe1
Qf7  19. Ne5  Nxe5
20. dxe5  Bc6  21. Qe2
Rad8  22. Bxa5  Qg6
23. f3  Rd4  24. Bc3
Rf4  25. Rf1  Bc5+
26. Kh1  Rh4  27. h3
Rd8  28. Rad1  Qh5
29. b4  1/2-1/2

[Event "MCR mladeze, Kouty 2018 - D16"]
[Site "Kouty nad Desnou"]
[Date "2018.03.11"]
[Round "2"]
[White "Landsmannova, Marie Magdal"]
[Black "Holaskova, Veronika"]
[Result "0-1"]
[WhiteElo "1142"]
[BlackElo "1381"]
[EventDate "2018.03.10"]

1. e4  e5  2. f4  Bc5
3. Nf3  Nc6  4. Bc4
Nf6  5. Nc3  d6
6. d3  Bg4  7. h3  Bh5
8. g4  Nxg4  9. hxg4
Bxg4  10. Bxf7+  Kxf7
11. Ng5+  Qxg5  12. fxg5
Bxd1  13. Rf1+  Ke6
14. Kxd1  Raf8  15. Rh1
Nd4  16. Na4  Rf2
17. Nxc5+  dxc5  18. Be3
Rg2  19. Rg1  Rxg1+
20. Bxg1  b6  21. c3
Nf3  22. Be3  Nh4
23. Ke2  Ng6  24. Rh1
Nf4+  25. Kd2  h5
26. d4  cxd4  27. cxd4
c6  28. Rc1  Rc8
29. d5+  Kd7  30. dxc6+
Rxc6  31. Rxc6  Kxc6
32. Bxf4  exf4  33. Ke2
Kd6  34. Kf3  Ke5
35. g6  h4  36. Kg4
Kxe4  37. Kxh4  f3
0-1

[Event "MCR mladeze, Kouty 2018 - D16"]
[Site "Kouty nad Desnou"]
[Date "2018.03.11"]
[Round "2"]
[White "Kralova, Gabriela"]
[Black "Bohunovska, Tereza"]
[Result "1-0"]
[WhiteElo "1362"]
[BlackElo "1087"]
[EventDate "2018.03.10"]

1. d4  Nf6  2. Bf4  e6
3. e3  d5  4. c4
c5  5. Nf3  Ne4
6. Nc3  Nc6  7. Nxe4  dxe4
8. Ne5  cxd4  9. Nxc6
bxc6  10. Qxd4  Qxd4
11. exd4  c5  12. O-O-O
f6  13. d5  e5
14. Be3  Bb7  15. d6  Kd7
16. Bxc5  Ke6  17. Be3
Bxd6  18. c5  Be7
19. Bc4+  Kf5  20. Rd7
Bxc5  21. Rxb7  Bxe3+
22. fxe3  Rac8  23. b3
g5  24. Kb2  Kg6
25. Rf1  f5  26. Rxa7
Rcf8  27. Re7  f4
28. exf4  gxf4  29. Rxe5
f3  30. gxf3  exf3
31. Rf2  Rf6  32. Re3
Rhf8  33. Bd5  1-0

[Event "MCR mladeze, Kouty 2018 - D16"]
[Site "Kouty nad Desnou"]
[Date "2018.03.12"]
[Round "3"]
[White "Nemcova, Karin"]
[Black "Laurincova, Kristyna"]
[Result "1-0"]
[WhiteElo "1997"]
[BlackElo "1825"]
[EventDate "2018.03.10"]

1. e4  c5  2. Nf3  Nc6
3. d4  cxd4  4. Nxd4
g6  5. Nc3  Bg7
6. Be3  Nf6  7. Bc4  O-O
8. Bb3  a5  9. O-O
d6  10. Ndb5  a4
11. Nxa4  Nxe4  12. Bb6
Qd7  13. Nc7  Rxa4
14. Bxa4  Bxb2  15. Nd5
Bxa1  16. Qxa1  Qe6
17. Rd1  Ne5  18. Qd4
Nf6  19. Bb3  Nxd5
20. Bxd5  Qg4  21. Qa1
Bd7  22. h3  Qf5
23. Be3  Bc6  24. Bxc6
bxc6  25. Bh6  Ra8
26. f4  Qxc2  27. a3
Qc5+  28. Kh1  Rxa3
29. Qb2  f6  30. fxe5
dxe5  31. Qb8+  Kf7
32. Qf8+  Ke6  33. Qg8+
Kf5  34. Qc8+  e6
35. Rf1+  Ke4  36. Re1+
Kd4  37. Qd8+  Qd5
38. Qb6+  c5  39. Qb2+
Rc3  40. Rd1+  Kc4
41. Qa2+  Rb3  42. Qc2+
Kb4  43. Rxd5  exd5
44. Bd2+  1-0

[Event "MCR mladeze, Kouty 2018 - D16"]
[Site "Kouty nad Desnou"]
[Date "2018.03.12"]
[Round "3"]
[White "Bartosova, Hana"]
[Black "Koubova, Anna Marie"]
[Result "0-1"]
[WhiteElo "1627"]
[BlackElo "1943"]
[EventDate "2018.03.10"]

1. d4  Nf6  2. c4  g6
3. Nc3  d5  4. Nf3
Bg7  5. e3  O-O
6. cxd5  Nxd5  7. Bc4  Nxc3
8. bxc3  c5  9. O-O
Qa5  10. Qb3  h6
11. Ba3  Nd7  12. Rac1
Rb8  13. dxc5  Nxc5
14. Qb4  Qxb4  15. cxb4
Na4  16. b5  Re8
17. Nd4  e5  18. Ne2
Bf5  19. Bb3  Nb6
20. Rc7  Be6  21. Bxe6
Rxe6  22. e4  Bf8
23. Bxf8  Kxf8  24. Rd1
Re7  25. Rcc1  Ke8
26. f3  Rd8  27. Kf2
Rxd1  28. Rxd1  Rc7
29. Rc1  Rxc1  30. Nxc1
Na4  31. Ne2  Kd7
32. Ke3  Kd6  33. f4
f6  34. f5  g5
35. Kd3  Kc5  36. Ng3  Kxb5
37. Kc2  Nc5  38. Kc3
b6  39. h3  a6
40. Kb2  Kc4  0-1

[Event "MCR mladeze, Kouty 2018 - D16"]
[Site "Kouty nad Desnou"]
[Date "2018.03.12"]
[Round "3"]
[White "Richterova, Julie"]
[Black "Urbanova, Daniela"]
[Result "0-1"]
[WhiteElo "1877"]
[BlackElo "1668"]
[EventDate "2018.03.10"]

1. d4  d5  2. c4  e6
3. Nc3  Nf6  4. Bg5
Be7  5. cxd5  exd5
6. e3  O-O  7. Bd3
Nbd7  8. Nf3  Re8
9. O-O  c6  10. Qc2
h6  11. Bh4  Ne4
12. Bxe7  Qxe7  13. Rab1
Ndf6  14. b4  Nxc3
15. Qxc3  Ne4  16. Qc2
Ng5  17. Ne5  Qd6
18. f4  Ne4  19. b5
Bd7  20. Rfc1  Re6
21. bxc6  Bxc6  22. Bb5
Bxb5  23. Rxb5  Re7
24. Qb2  b6  25. Rc6
Qd8  26. Qb3  Nf6
27. Rxf6  gxf6  28. Nc6
Qd7  29. Nxe7+  Qxe7
30. Rxd5  Rc8  31. Rb5
Qe4  32. h3  Rc2
33. Qd5  Qxe3+  34. Kh2
Qxf4+  35. Kh1  Rc1# 0-1